[Event "17th Reykjavik op"]
[Site "Reykjavik ISL"]
[Date "1996.03.05"]
[Round "4.4"]
[White "Hjartarson, Johann"]
[Black "Djurhuus, Rune"]
[Result "0-1"]
[WhiteElo "2570"]
[BlackElo "2505"]
[EventDate "1996.03.02"]
[PlyCount "76"]

1.d4 {Hansen,Cu Lutz,C Tisdall} 1...Nf6 2.c4 g6 3.Nc3 Bg7 4.e4 d6 5.Nf3 
O-O 6.Be2 e5 7.O-O Nc6 8.d5 Ne7 9.Ne1 Ne8 {Mehr und mehr Topspieler 
bevorzugen diesen Zug gegenueber 9 ..i d7: From here the i covers the 
important Squares c7,d6. In case of 9. - i d7 it would control c5. You 
can't have it all.} ( 9...Nd7 10.Be3 f5 11.f3 f4 12.Bf2 g5 13.a4 {
(ECO-Code E99) Diese Variante stellt den direktesten Widerlegungsversuch 
des 7 ..i c6-K@sversuch nigsinders dar und wird von Kortschnoj und Kozul 
mit gro@ em Erfolg angewandt. Sowohl Wei@l als auch Schwarz gehen 
maximales Risiko ein.} ) 10.Be3 f5 11.f3 f4 12.Bf2 g5 13.a4 h5 14.a5 Rf6 {
A fashionable and aggressive continuation championed by connoisseurs like 
Judit Polgar and John Nunn.} 15.c5 Rg6 16.cxd6 {Tisdall: I certainly will 
not pretend to be an expert on this position, but I am not crazy about 
this move. Ftacnik has suggested} ( 16.Nb5 $5 {proposing the variation} 
16...a6 ( 16...g4 $5 {Tisdall is more principled, intending} 17.cxd6 Nxd6 
18.Nxa7 Bd7 ) 17.cxd6 axb5 18.dxe7 Qxe7 19.Bxb5 g4 {It is not clear to me 
why black's attack should be stronger than normal here after, say, the 
prophylactic} 20.Kh1 {However, the text has the stamp of approval of 
anti-King's Indian sage Korchnoi, so ...} ) 16...Nxd6 {Eine Nuance von 9 
..i e8: Schwarz kann mit dem Springer zurueckschlagen.} 17.h3 $6 {Johann 
was very unhappy with this decision after the game, and both players were 
more impressed with the idea} ( 17.Nb5 $5 {Tisdall is still an interesting
option and led to interesting play in Ftacnik-Wojtkiewicz, Budapest 1993. 
After} 17...g4 18.Nxd6 cxd6 19.Bh4 Qf8 20.Qa4 $1 Bf6 21.Bxf6 Rxf6 22.Rc1 
Ng6 23.a6 {great complications arose, and Ftacnik's suggestion of} ( 23.
Bb5 $5 {may be an improvement for white.} ) 23...Rf7 24.Bb5 Qd8 $1 ( 24...
bxa6 25.Bxa6 Bxa6 26.Qxa6 Qe7 $13 ) 25.axb7 Bxb7 26.Bc6 Qb6+ 27.Kh1 Ba6 
28.Rg1 Rc8 29.Rc2 Rg7 30.Bd7 $2 ( 30.Qa3 Rd8 $13 ) ( 30.b4 $1 Ne7 31.b5 
Bb7 32.Qa3 $13 ) 30...Rxc2 31.Nxc2 Be2 $2 32.Ne1 Kh7 $2 33.Bf5 Kh6 34.Qe8 
Qf2 35.fxg4 Bxg4 $2 36.Bxg6 Rxg6 37.Qh8+ Kg5 38.Qd8+ Kh6 39.Qh8+ Kg5 40.
Nf3+ $2 Bxf3 41.gxf3+ Kh4 42.Qd8+ $4 {} 42...Kh3 43.Qd7+ Kh4 $2 44.Qe7+ $4
Kh3 45.Qd7+ Kh4 $2 46.Rxg6 Qf1+ 47.Rg1 Qxf3+ {E-E 
Ftacnik,L-Wojtkiewicz,A/Budapest (zt_play off) 57/622 1993} ) ( 17.Kh1 $5 
{but again, Korchnoi has followed this path, so I reserve judgement. Most 
players would be uncomfortable about an inevitable explosion on g4, but 
that could well be a very subjective matter.} ) ( 17.Nd3 {is a recent word
here, from Shirov-Nunn, Amsterdam 1995. After} 17...g4 18.Bh4 Qf8 19.g3 
Bf6 $1 20.fxg4 hxg4 {Nunn has given an analysis of} 21.Bxf6 {leading to 
equality (Inf 64).} ) 17...Kh8 18.Nd3 {[%csl Ge6][%cal Yd3c5,Yc5e6,Rc8g4] 
Mit diesem Zug wird ein bekanntes Man@ntes ver eingeleitet: der Springer 
strebt nach e6 (notfalls auch unter Bauernopfer), um dem ic8 den Weg nach 
g4 zu verstellen.} ( 18.Ra3 $5 {[%cal Ya3c3,Yc3c7,Yc3h3,Yd1c2] ist ein 
anderer Standardzug in diesem System: Einerseits kontrolliert Wei@olliert 
die 3.Reihe zu Verteidigungszwecken, andererseits kann Wei@erseits auch 
mit i c3 und i c2 gegen den ic7 druecken.} ) 18...Ng8 19.Nc5 Nh6 {A 
novelty of sorts.} ( 19...Qe7 {led to messy play after} 20.Ra3 Nh6 21.Nb5 
g4 22.fxg4 hxg4 23.Nxd6 cxd6 24.Ne6 Bxe6 25.dxe6 f3 {in Korchnoi-J. 
Polgar, Monaco (blindfold) 1994.} ) 20.Ne6 {A standard-move blocking Bc8's
way to g4, and thereby making g5-g4 less powerful. However in the 
continuation white finds it difficult to keep black occupied on the 
queenside. What kind of play does white really have?} 20...Qe7 ( 20...Bxe6
21.dxe6 Rxe6 {was certainly an option. Hjartarson felt it offered white 
reasonable compensation but no more. Djurhuus prefers to keep the tension 
and aim for ...g4.} ( 21...Rxe6 22.Qb3 $44 ) ) 21.Qb3 Bf6 ( 21...Bxe6 22.
dxe6 Qxe6 23.Qxe6 Rxe6 24.Nd5 Ne8 25.Rfc1 c6 26.a6 $5 b6 ( 26...cxd5 27.
axb7 Rb8 28.Rc8 Rxb7 29.exd5 Ree7 30.d6 Re6 31.Ba6 $5 ( 31.Rxa7 $5 ) ) 27.
Nb4 {seems to offer excellent compensation for the pawn. In sheer 
practical terms, Djurhuus's stubbornly aggressive stance seems superior, 
and poses more problems.} ) 22.Ra3 {Vielleicht steht nun der i nicht so 
effektiv auf a3. Another standard-move. Seeing the game continuation 
however it looks af if 22. g4 immidiately would have been better. In the 
game the i is not well-placed on a3.} ( 22.g4 $5 ) 22...Bd7 {[%cal 
Ya8g8,Yg5g4] Black continues to ignore the Ne6 and methodically funnels 
his pieces over to the kingside. The text not only prepares ...i g8, but 
creates the possibility of ...c6 when white's position begins to creak 
everywhere.} 23.g4 $8 {An interesting attempt to change the nature of the 
position. Black was ready for i a8-g8 and g5-g4. White could not just sit 
and wait. Hereacts on the kingside, even though g2-g4 is less good than 
normally because white cannot take on g3 with his h-i.} 23...fxg3 24.Bxg3 
g4 ( 24...c6 {was simpler and stronger.} ) ( 24...Rag8 $6 25.Kg2 {Is 
hardly better than the game} ) 25.fxg4 hxg4 26.h4 {Now white gets a chance
to patch up his kingside, and Johann climbs back into the game.} 26...Nhf7
{[%csl Ge5][%cal Rf6h4] Bolstering e5 and preparing to switch the rook to 
the h-line. e5} 27.Kg2 Rh6 28.Rh1 c6 $6 ( 28...Bxh4 29.Bxh4 Rxh4 30.Raa1 {
gives white real counterplay.} ) 29.Nc5 {After having fought in an 
inferior position for good part of the game, White has bounched back and 
taken over the iniative. Black is clearly worse if he must swop his 
light-square bishop for the knight on c5, so he resorts to drastic 
measures to complicate the game and make use of White s mounting zeitnot. 
White finally gets something to grab hold of on the queenside, but the 
price will be new worries for his king.} ( 29.Raa1 $5 {[%cal Ya1f1] 
Hansen,Cu ii af1} ) 29...Nf5 $5 {Tricky but not necessarily very good} 30.
exf5 $2 ( 30.Qxb7 $1 {Fritz} 30...Rd8 ( 30...Ne3+ 31.Kf2 Qxc5 32.Qxa8+ Kg7
33.Na4 Nd1+ 34.Ke1 Qd4 35.Nc5 $16 ) 31.Qxa7 $1 Nxg3 32.Kxg3 Bxh4+ 33.Kg2 
$16 {At first glance, the position of the white king may seem unsafe, 
which is not the case, since after eventual i d1, the most important 
squares are covered.} ) ( 30.Nxd7 {Hansen,Cu} 30...Nxg3 31.Kxg3 Bxh4+ 32.
Kg2 Qxd7 33.a6 $44 ) 30...Qxc5 {Jetzt wird die Stellung unuebersichtlich.}
31.Qxb7 Rd8 {[%cal Yf7d6]} 32.Bf2 Qd6 33.Bc4 $138 {White must try to 
prevent the opening of the h1-a8 diagonal, at all cost.} ( 33.Qxa7 cxd5 
34.Bc5 Qb8 {is very unclear, but the b-file and strong center hint that 
black's chances are slightly superior.} ) ( 33.Rd1 $1 $16 {[%cal Yc3e4] 
Hansen,Cu iSc3-e4} ) 33...Rb8 34.Qxa7 cxd5 35.Bc5 ( 35.Bxd5 Rxb2 ) ( 35.
Nxd5 ) 35...Rxb2+ 36.Kg3 $2 {In severe zeitnot, White makes a fool-hardy 
winning attempt, rejecting a draw by perpetual check, by After a 
tremendous fight back Hjartarson finally goes astray in time trouble. The 
sober} ( 36.Kg1 Qc6 37.Bxd5 Rb1+ ( 37...Qc8 {gives roughly balanced 
chances after something like} 38.Rb3 ( 38.Bxf7 $2 Rb7 ) ) 38.Nxb1 Qxd5 39.
Nc3 Qf3 40.Qxd7 Qg3+ 41.Kf1 Qf3+ $10 ) ( 36.Kg1 ) 36...Qc6 $2 ( 36...Bxh4+
37.Rxh4 Qf6 38.Qa8+ ( 38.Rxh6+ Qxh6 39.Be2 Qh3+ 40.Kf2 g3+ 41.Ke1 Qh1+ 42.
Bf1 g2 $19 ) 38...Kh7 39.Rxg4 Ng5 $19 ) 37.Bxd5 {This position is highly 
random and it is very difficult to use conventional visdom to assess it. 
It is a typical situation, in which the computer is superior to the human 
being, because it approches it without any of the prejudices that the 
human will suffer from, like concerns about the safety of the king, etc. 
In general, it may be concluded that the computer is at its best, in 
highly tactical and random situations.} 37...e4 $2 {[%cal Yf6e5] A very 
nasty surprise which I had completly overlooked. Now I used the few 
remaining seconds in vain, to find a defence and just before the flag 
fell, played a random move. In the post-mortem it seemed that Black s 
37...move had indeed been the winning thrust. Imagine my surprise, after 
having consulted Fritz it turned out that it was a mistake and White could
defend. But that another move would have won by force, that seemd just 
inconceivable. Missing a spectacular finish: Diesen Zug hat Wei@n 
anscheinend uebersehen. Hjartarson verliert nun v@ llig den Kopf, 
(wahrscheinlich hat die Zeitnot ihre dreckigen Haende im Spiel. Probably 
overlooked by white on move 35.} ( 37...Nd6 $3 38.Bxc6 {After few seconds 
Fritz running on 100Mhz Pentium declared mate in 6.} ( 38.Bxd6 Qxd6 $19 ) 
38...Nxf5+ 39.Kxg4 Rg6+ 40.Kh5 ( 40.Kf3 Bxc6+ 41.Ne4 Rg3# ) 40...Rbg2 $3 
41.Bxg2 Be8 {The threat of 42...i g5# can only be delayed for one move. A 
truly spectacula postition.} ) 38.Bxf7 $4 $138 ( 38.Kf4 $3 $8 {It seems 
very illogical to move a king, strung in a mating net even further out on 
the board. However, it is the only possibility to reach the relatively 
safe heaven on e3. The computer is never hindered by the "logic" that is 
ceartainly one of the greatest gift of the human being, but can also in 
rare cases be an obstacle in reacing the right conclusion. seems to (more 
or less) escape, as Djurhuus noticed later.} 38...Qc8 {Chaos reigns, but 
white's nomadic royalty give black excellent winning chances. A rough 
sketch of the possibilities:} ( 38...Be5+ 39.Ke3 ( 39.Kxe4 {Lutz,C} 39...
Bxf5+ 40.Kxf5 $2 Qg6# ) 39...Qc8 40.Bd4 Rb4 41.Bxe5+ Nxe5 42.Na2 $14 ) ( 
38...Rf2+ {is too wild:} 39.Ke3 {is the safest. After} ( 39.Kg3 Rb2 $10 ) 
( 39.Bxf2 Qd6+ 40.Kxe4 {and black does not appear to have a knockout.} ( 
40.Kxg4 $2 {loses nicely:} 40...Rg6+ 41.Kh5 Bxf5 $1 42.Qxf7 Rh6+ $1 43.
Kxh6 Qf4+ 44.Kh5 Qg4+ 45.Kh6 Bg7+ 46.Qxg7+ Qxg7+ 47.Kh5 Bg4# ) ) 39...Rf3+
40.Ke2 {black seems to have overextended.} ) 39.Ke3 $1 ( 39.Bd4 $2 {seems 
most prudent, but the hunt continues:} 39...Rd2 ( 39...Rb4 $1 {Tisdall 
gives black a lasting attack:} 40.Bxf6+ ( 40.Rd1 $2 Bxd4 41.Rxd4 Ra6 $1 
42.Qxa6 Qxa6 43.Rxb4 Qd6+ {is a nice example of how the entire board seems
to be wired for tactics.} ) 40...Rxf6 41.Kg3 Nd6 {and black is circling in
for what should be the kill. White's king is on the ropes and his queen is
none too safe either.} ) 40.Bxf6+ Rxf6 41.Bxe4 Nd6 $1 $17 ) ( 39.Bxf7 $2 
Rb7 40.Qa6 Be5+ 41.Kxe5 Qxc5+ {and ...Rxa6.} ) ( 39.a6 $6 Be5+ 40.Kxe4 ( 
40.Ke3 Nd6 {also looks very dubious for white.} ) 40...Bxf5+ 41.Ke3 Nd6 {
and white's king looks to be in grave trouble. Moves like ...Qc6 are in 
the air and the defusion attempt} 42.Bd4 {meets with} 42...Qe8 $1 ) ( 39.
Rb1 {tries to relieve some of the pressure on the king, but does not 
address the problem of white's queen:} 39...Be5+ 40.Ke3 Ra6 {and black's 
initiative remains the dominant factor, e.g.} 41.Rxb2 ( 41.Bb7 Rxb7 42.
Qxb7 Qxc5+ 43.Ke2 Qxa3 ) 41...Rxa7 42.Bxa7 Nd6 ( 42...Qa6 $5 ) ) 39...Nd6 
( 39...Bxf5 40.Na4 Rb5 41.Qxf7 Rxc5 42.Bb7 Qb8 43.Nxc5 Qg3+ 44.Ke2 Qg2+ 
45.Ke3 Qf3+ 46.Kd2 $10 ) 40.Bxd6 Bxc3 41.Qc7 Bd2+ 42.Kd4 Rb4+ 43.Kc5 Rb5+ 
44.Kd4 Rb4+ $10 {Fritz, draw by perpetual check.} ) ( 38.Kxg4 Rg6+ 39.Kh5 
( 39.Kf4 Be5+ 40.Kxe4 ( 40.Ke3 Rg3+ 41.Kxe4 Bxf5+ 42.Kxf5 Qg6# ) 40...
Bxf5+ 41.Kxf5 Qf6+ 42.Ke4 Qf4+ ) 39...Rh6+ 40.Kg4 Be5 $1 {again with a 
mating attack.} ) ( 38.Bxc6 Be5+ 39.Kxg4 Rg2+ 40.Kh3 Rg3+ 41.Kh2 Rxh4# ) (
38.Bd4 $2 {Lutz,C} 38...Qd6+ 39.Kxg4 Rg2+ 40.Kh3 Qg3# ) 38...Be5+ ( 38...
Be5+ 39.Kxg4 Rg2+ 40.Kh3 Rg3+ 41.Kh2 Rxh4# ) 0-1

[Event "17th Reykjavik op"]
[Site "Reykjavik ISL"]
[Date "1996.03.05"]
[Round "4.5"]
[White "Bjarnason, Saevar"]
[Black "Rozentalis, Eduardas"]
[Result "0-1"]
[WhiteElo "2305"]
[BlackElo "2605"]
[EventDate "1996.03.02"]
[PlyCount "90"]

1.d4 e6 2.Nf3 Nf6 3.g3 b6 4.Bg2 Bb7 5.O-O Be7 6.c4 O-O 7.Nc3 Ne4 8.Nxe4 
Bxe4 9.Ne1 d5 10.Qa4 Qd7 11.Qxd7 Nxd7 12.cxd5 exd5 13.Bf4 c5 14.Bxe4 dxe4 
15.Nc2 Rfc8 16.Rfd1 Bf6 17.Rd2 a6 18.Rad1 c4 19.Nb4 b5 20.Nd5 Bd8 21.f3 
exf3 22.exf3 g5 23.Bd6 Rc6 24.Ne7+ Bxe7 25.Bxe7 f6 26.d5 Rb6 27.f4 gxf4 
28.gxf4 Kf7 29.d6 b4 30.Kf2 Rc8 31.Ke3 Rbc6 32.Rd4 Rc5 33.Rd5 Rxd5 34.Rxd5
Ke6 35.Rd1 Rc5 36.Re1 Kd5 37.Rg1 Ra5 38.Rg8 f5 39.Rd8 Ke6 40.Kd4 Rxa2 41.
Kxc4 Rxb2 42.Rh8 a5 43.Rxh7 Rc2+ 44.Kd3 b3 45.Rh8 Rc1 0-1

[Event "17th Reykjavik op"]
[Site "Reykjavik ISL"]
[Date "1996.03.05"]
[Round "4.7"]
[White "Van der Werf, Mark"]
[Black "Conquest, Stuart"]
[Result "0-1"]
[WhiteElo "2400"]
[BlackElo "2540"]
[EventDate "1996.03.02"]
[PlyCount "70"]

1.d4 Nf6 2.c4 e6 3.Nc3 Bb4 4.e3 c5 5.Ne2 b6 6.a3 Ba5 7.Rb1 Qe7 8.Bd2 Nc6 
9.Ng3 O-O 10.d5 Bxc3 11.Bxc3 Na5 12.b4 Nb7 13.Bd3 d6 14.O-O exd5 15.Nh5 
Nxh5 16.Qxh5 f5 17.cxd5 Bd7 18.Ba6 Rab8 19.Qf3 b5 20.Qg3 Rf7 21.Rb2 h6 22.
a4 Kh7 23.axb5 Qe4 24.bxc5 f4 25.exf4 Nxc5 26.f5 Qxf5 27.Qxd6 Nxa6 28.Qxa6
Qxd5 29.Rd2 Qc4 30.Qa1 Rxb5 31.Rfd1 Bc6 32.Rd4 Qe2 33.Rf1 Bxg2 34.Kxg2 
Rg5+ 35.Kh3 Qf3+ 0-1

[Event "17th Reykjavik op"]
[Site "Reykjavik ISL"]
[Date "1996.03.05"]
[Round "4.8"]
[White "Gretarsson, Andri Ass"]
[Black "Van der Sterren, Paul"]
[Result "0-1"]
[WhiteElo "2330"]
[BlackElo "2535"]
[EventDate "1996.03.02"]
[PlyCount "120"]

1.e4 e5 2.Nf3 Nc6 3.Bc4 Bc5 4.Nc3 Nf6 5.d3 d6 6.h3 Na5 7.Bb3 Nxb3 8.axb3 
a6 9.O-O h6 10.Be3 Bxe3 11.fxe3 O-O 12.Qe1 Nh7 13.Qg3 f5 14.Nh4 fxe4 15.
Nxe4 Bd7 16.Rxf8+ Qxf8 17.Rf1 Qe7 18.Rf2 Re8 19.Kh2 b6 20.Nf5 Bxf5 21.Rxf5
d5 22.Nc3 Qe6 23.Qg4 g6 24.e4 dxe4 25.dxe4 Ng5 26.Rf2 Qxg4 27.hxg4 Ne6 28.
Nd5 Rf8 29.Kg3 a5 30.Ne7+ Kg7 31.Rxf8 Nxf8 32.Kf3 Ne6 33.Nd5 Kf7 34.Ke3 b5
35.b4 a4 36.Nc3 Nd4 37.Kd3 c6 38.Nd1 Kf6 39.c3 Ne6 40.g3 Kg5 41.Ne3 Nc7 
42.c4 Ne8 43.Ke2 Nd6 44.cxb5 cxb5 45.Kd3 h5 46.gxh5 Kxh5 47.Nd5 Kg4 48.Ne7
g5 49.Nc6 Nc4 50.Na7 Nxb2+ 51.Kc2 Nc4 52.Nxb5 Kxg3 53.Nc3 g4 54.Nxa4 Kf2 
55.Kd3 g3 56.Nc3 g2 57.Ne2 Nd6 58.Kd2 Nxe4+ 59.Kd3 Ng3 60.Nxg3 Kxg3 0-1

[Event "17th Reykjavik op"]
[Site "Reykjavik ISL"]
[Date "1996.03.05"]
[Round "4.9"]
[White "Ulfarsson, Magnus Oern"]
[Black "Hector, Jonny"]
[Result "1/2-1/2"]
[WhiteElo "2290"]
[BlackElo "2520"]
[EventDate "1996.03.02"]
[PlyCount "115"]

1.e4 e5 2.Nf3 Nc6 3.Bb5 a6 4.Ba4 Nf6 5.O-O Be7 6.Qe2 b5 7.Bb3 O-O 8.c3 d5 
9.d3 Qd6 10.Nbd2 Be6 11.Re1 Rfe8 12.exd5 Bxd5 13.Ne4 Qd8 14.Ng3 h6 15.Nd2 
a5 16.Nde4 Nh7 17.Qg4 Bxb3 18.Bxh6 Bf8 19.axb3 Re6 20.Bg5 Qxd3 21.Rad1 Qc2
22.Rd7 Qxb3 23.Rxc7 Rg6 24.h4 Qe6 25.Qf3 Rc8 26.Rxc8 Qxc8 27.Rd1 b4 28.Qd3
bxc3 29.Qxc3 Qg4 30.Rd3 Nd4 31.Qc4 Nxg5 32.hxg5 Rxg5 33.Rxd4 exd4 34.Nxg5 
Qxg5 35.Qxd4 Bc5 36.Qc3 Qd5 37.b3 g6 38.Qc2 Qe5 39.Ne4 Bb6 40.Qc6 Bd4 41.
g3 Kg7 42.Kg2 Qf5 43.f4 Bb2 44.Qc2 Ba1 45.Qc4 Qd7 46.Ng5 Bf6 47.Ne4 Qb7 
48.Kh2 Bb2 49.Ng5 Qd7 50.Kg2 Bf6 51.Ne4 Bd4 52.Ng5 Bb6 53.Kh2 f6 54.Ne6+ 
Kh6 55.f5 Qd2+ 56.Kh3 g5 57.Nf4 Qd1 58.Qf7 1/2-1/2

[Event "17th Reykjavik op"]
[Site "Reykjavik ISL"]
[Date "1996.03.05"]
[Round "4.10"]
[White "De Kleuver, Esther"]
[Black "Gausel, Einar"]
[Result "0-1"]
[WhiteElo "2210"]
[BlackElo "2515"]
[EventDate "1996.03.02"]
[PlyCount "78"]

1.e4 c5 2.c3 e6 3.d4 d5 4.exd5 exd5 5.Nf3 Nc6 6.Be3 c4 7.b3 cxb3 8.axb3 
Bd6 9.Bd3 Nge7 10.Nh4 Ng6 11.Nf5 Bxf5 12.Bxf5 O-O 13.O-O Qc7 14.Qh5 Nce7 
15.Bd3 a6 16.c4 f5 17.Nc3 Nf4 18.Bxf4 Bxf4 19.Ne2 Rad8 20.g3 Bh6 21.Rfd1 
Kh8 22.Ra2 Qb6 23.Rb1 Qf6 24.Ra4 Nc6 25.c5 Bd2 26.Rd1 g6 27.Qh3 Bb4 28.Nf4
Bc3 29.Qg2 Bxd4 30.Re1 Bxc5 31.Re6 Qb2 32.Be2 Rf6 33.Rxf6 Qxf6 34.Nxd5 Qe5
35.Bf3 Nd4 36.Ne3 Nxb3 37.Bxb7 Bxe3 38.fxe3 Rd1+ 39.Kf2 Rd2+ 0-1

[Event "17th Reykjavik op"]
[Site "Reykjavik ISL"]
[Date "1996.03.05"]
[Round "4.11"]
[White "Olafsson, Helgi"]
[Black "Olsen, Heini"]
[Result "1-0"]
[WhiteElo "2485"]
[BlackElo "2325"]
[EventDate "1996.03.02"]
[PlyCount "99"]

1.d4 Nf6 2.c4 e6 3.Nf3 d5 4.Nc3 Be7 5.Bg5 h6 6.Bh4 O-O 7.e3 Ne4 8.Bxe7 
Qxe7 9.Rc1 c6 10.Bd3 Nxc3 11.Rxc3 dxc4 12.Bxc4 Nd7 13.O-O e5 14.Qc2 e4 15.
Nd2 Nf6 16.Bb3 Bg4 17.Rc5 Nd7 18.Rc3 Nf6 19.h3 Be2 20.Rc1 Bd3 21.Qd1 Rad8 
22.Rc5 Nd5 23.a3 Rd6 24.Bxd5 cxd5 25.Qg4 Rfd8 26.Nf1 Kh7 27.Ng3 Qd7 28.Rc7
Qxg4 29.hxg4 R6d7 30.a4 g6 31.f3 exf3 32.gxf3 Bc4 33.Rxd7 Rxd7 34.Kf2 a5 
35.Ne4 dxe4 36.Rxc4 exf3 37.Kxf3 Kg7 38.Rc5 Rd6 39.Rb5 b6 40.b4 axb4 41.
Rxb4 Kf6 42.e4 Kg5 43.e5 Rc6 44.d5 Rc5 45.Rd4 h5 46.gxh5 gxh5 47.d6 Rc8 
48.Ke4 h4 49.e6 h3 50.d7 1-0

[Event "17th Reykjavik op"]
[Site "Reykjavik ISL"]
[Date "1996.03.05"]
[Round "4.12"]
[White "Bronstein, David"]
[Black "Jonasson, Benedikt"]
[Result "0-1"]
[WhiteElo "2455"]
[BlackElo "2280"]
[EventDate "1996.03.02"]
[PlyCount "120"]

1.d4 Nf6 2.c4 c5 3.d5 g6 4.Nc3 Bg7 5.e4 d6 6.Nf3 O-O 7.h3 e6 8.Bd3 exd5 9.
cxd5 b5 10.O-O b4 11.Ne2 Nbd7 12.Ng3 Re8 13.Re1 Qc7 14.Bf4 Bb7 15.b3 Nb6 
16.Rc1 Nfd7 17.Nh2 Ne5 18.Bb5 Rf8 19.Bd2 a6 20.Be2 Qe7 21.f4 Ned7 22.Nf3 
Rfe8 23.Bd3 Qf8 24.Qe2 Kh8 25.Rcd1 Re7 26.Bc1 Rae8 27.Qf2 Kg8 28.Kh2 Bc3 
29.Rf1 Ra8 30.Qc2 Bg7 31.Nh1 a5 32.Bb5 Ba6 33.Bxa6 Rxa6 34.Nf2 a4 35.Rfe1 
axb3 36.axb3 Qa8 37.Qe2 Ra2 38.Qf1 Bc3 39.Re2 Rxe2 40.Qxe2 Nf6 41.Qc2 Ra7 
42.Ng4 Ra2 43.Qd3 Nxg4+ 44.hxg4 Qc8 45.f5 c4 46.bxc4 Qxc4 47.Bf4 Qxd3 48.
Rxd3 Nc4 49.fxg6 hxg6 50.e5 dxe5 51.d6 exf4 52.d7 Bf6 53.Rd4 Rc2 54.g5 Bd8
55.Re4 Kg7 56.Re8 Ba5 57.Nd4 Rd2 58.Ne6+ fxe6 59.Re7+ Kf8 60.Re8+ Kf7 0-1

[Event "17th Reykjavik op"]
[Site "Reykjavik ISL"]
[Date "1996.03.05"]
[Round "4.13"]
[White "Berg, Emanuel"]
[Black "Borge, Nikolaj"]
[Result "1-0"]
[WhiteElo "2180"]
[BlackElo "2455"]
[EventDate "1996.03.02"]
[PlyCount "177"]

1.e4 c5 2.Nf3 d6 3.d4 cxd4 4.Nxd4 Nf6 5.Nc3 g6 6.Be3 Bg7 7.Be2 Nc6 8.O-O 
O-O 9.Qd2 Nxd4 ( 9...Ng4 $5 10.Bxg4 Bxg4 11.Nd5 $10 ) 10.Bxd4 Be6 11.f4 
Qa5 12.Rad1 Rfc8 13.Bf3 Rc4 14.Qf2 Ne8 ( 14...Rb4 $1 15.Ne2 ( 15.e5 Ng4 
16.Bxg4 Bxg4 17.Rb1 Bf5 $15 ) ( 15.b3 Rxd4 $1 16.Qxd4 Nd5 $19 ) 15...Qxa2 
$15 ) 15.Bxg7 Nxg7 16.Kh1 Qb4 ( 16...Rb4 17.b3 Rc8 $15 ) 17.f5 gxf5 18.
exf5 Nxf5 19.g4 Ng7 20.Bd5 Rcc8 21.Bxe6 fxe6 22.Rd4 Qb6 $6 ( 22...Qxb2 $15
) 23.Qf7+ Kh8 24.Rdf4 Qc6+ 25.Ne4 Qe8 26.Ng5 h6 27.Qxe8+ Rxe8 28.Nf7+ Kh7 
29.R4f3 Rac8 30.Rh3 h5 31.gxh5 Rc5 $2 ( 31...Rxc2 32.Ng5+ ( 32.h6 Nf5 33.
Ng5+ Kg6 34.Nxe6 Rh8 $15 ) ( 32.Rg1 Rf2 33.Ng5+ Kh6 34.Nxe6 Nxe6 35.Rg6+ 
Kh7 36.Rxe6 Rxb2 $15 ) 32...Kh6 33.Nf7+ Kh7 34.Ng5+ $10 ) 32.Rg1 Rf5 33.
Ng5+ Kh6 34.Nxe6 Nxe6 35.Rg6+ Kh7 36.Rxe6 Rf1+ 37.Kg2 Rd1 38.Rc3 Rg8+ 39.
Kh3 Rg7 40.h6 Rg6 41.Rxe7+ Kxh6 42.Rxb7 d5 43.Rxa7 d4 44.Rcc7 Re1 45.Rh7+ 
Kg5 46.Ra5+ Kf6 47.Ra6+ Kg5 48.Rxg6+ Kxg6 49.Rd7 Re3+ 50.Kg4 Re2 51.Rxd4 
Rxc2 52.Rb4 Rxh2 53.Rb6+ Kf7 54.a4 Ke7 55.b4 Kd7 56.a5 Kc7 57.Kf3 Rd2 58.
Ke3 Rd1 59.Rh6 Rb1 60.Rb6 Rd1 61.Ke4 Rd2 62.Rb5 Kc6 63.Rc5+ Kb7 64.Rd5 Rb2
65.Rd4 Kc6 66.Kd3 Rb1 67.Kc2 Rh1 68.Rd1 Rh5 69.Rd8 Kb5 70.Rb8+ Ka6 71.Rb6+
Ka7 72.Kb3 Rh3+ 73.Ka4 Rh4 74.Rg6 Rf4 75.a6 Rf1 76.Ka5 Rf5+ 77.b5 Rh5 78.
Rg7+ Kb8 79.Rd7 Rg5 80.Kb6 Rg6+ 81.Kc5 Rg5+ 82.Kc6 Rg6+ 83.Rd6 Rg8 84.Kb6 
Ka8 85.Rd5 Rg6+ 86.Ka5 Rg8 87.Rh5 Rf8 88.b6 Rg8 89.a7 1-0

[Event "17th Reykjavik op"]
[Site "Reykjavik ISL"]
[Date "1996.03.05"]
[Round "4.15"]
[White "Lyrberg, Patrik"]
[Black "Van Parreren, Hanneke"]
[Result "1-0"]
[WhiteElo "2425"]
[BlackElo "2180"]
[EventDate "1996.03.02"]
[PlyCount "79"]

1.Nf3 f5 2.g3 Nf6 3.Bg2 d6 4.d4 g6 5.O-O Bg7 6.b3 O-O 7.Bb2 c6 8.Nbd2 Na6 
9.Ne1 Qe8 10.Nd3 Nc7 11.e3 Bd7 12.Qe2 Qf7 13.c4 Rae8 14.Rae1 Kh8 15.Kh1 
Na6 16.f3 d5 17.e4 fxe4 18.fxe4 dxe4 19.Nxe4 Qg8 20.Nd2 Nc7 21.Ne5 Bc8 22.
Nd3 Nd7 23.Rxf8 Rxf8 24.Nf3 Nf6 25.Qxe7 Qf7 26.Ng5 Qxe7 27.Rxe7 Nce8 28.
Ba3 h6 29.Ne6 Bxe6 30.Rxe6 Rf7 31.Ne5 Rc7 32.Nxg6+ Kh7 33.Ne5 Kg8 34.h3 
Bf8 35.Bb2 Kg7 36.d5 cxd5 37.Ng4 Kf7 38.Nxf6 Kxe6 39.Nxe8 Rf7 40.Bxd5+ 1-0